| 000 | 00000nam##2200000za#4500 |
| 001 | 9.662796 |
| 003 | CaOODSP |
| 005 | 20240710082140 |
| 007 | ta |
| 008 | 150407|2001||||xxc||||| f|0| 0 fre|d |
| 020 | |a0-662-65741-1 |
| 040 | |aCaOODSP|bfre |
| 041 | |aeng |
| 041 | |afre |
| 043 | |an-cn--- |
| 086 | 1 |aMR21-25/2001 |
| 110 | 2 |aInstituts de recherche en santé du Canada. |
| 245 | 10|aLoi sur la protection des renseignements personnels et les documents électroniques : |bquestions et réponses pour les chercheurs dans le domaine de la santé |
| 260 | |aOttawa - Ontario : |bInstituts de recherche en santé du Canada |c2001. |
| 300 | |aPagination multiple. ; |c28 cm. |
| 546 | |aBilingue |
| 563 | |aCouverture souple |
| 590 | |a01-18|b2001-05-04 |
| 691 | 07|aDocument électronique|2gcpds |
| 691 | 07|aRecherche médicale|2gcpds |
| 691 | 07|aVie privée|2gcpds |
| 776 | 0#|tPersonal Information Protection and Electronic Documents Act : |w(CaOODSP)9.686064 |
| 776 | 0#|tLoi sur la protection des renseignements personnels et les documents électroniques : |w(CaOODSP)9.630600 |
| 791 | |tPersonal Information Protection and Electronic Documents Act : |eeng|w(CaOODSP)9.662795 |